1606 1906 1404 1118 1488 1107 1166 1680 1216 1858 1252 1246 1234 1057 1074 1009 1375 1327 1447 1222 1873 1083 1483 1406 1125 1063 1585 1675 1099 1026 1338 1853 1950 1492 1625 1333 1045 1536 1179 1226 1206 1682 1599 1610 1087 1873 1672 1138 1906 1018 1345 1027 1769 1918 1506 1253 1434 1502 1291 1732 1748 1804 1329 1041 1573 1764 1412 1307 1354 1129 1369 1572 1317 1837 1186 1988 1171 1354 1734 1735 1456 1223 1289 1050 1757 1504 1562 1930 1149 1489 1333 1270 1267 1004 1020 1306 1237 1346 1061 BCNSPRNW ULIB Ver.6.0+V

เปลี่ยนเป็นภาษาไทย

Change to English
 แสดงรายละเอียดบรรณานุกรม
  กลับหน้าหลัก

Brief Record : Get Marc (ISO 2709) : E-mail record : QR code < ปิดหน้าต่าง
LEADER : 00000nam 2200000uu 4500
001    13399127408
003     ULIB
008    200519s2562||||th 000 0 tha d
020    ^a9786167380100
050 04 ^aPE1128^bก671ส
100 0  ^aกิตติ์ จิรติกุล
245 10 ^aสอบติดพิชิต TOEFL iTP /^bกิตติ์ จิรติกุล
260    ^aกรุงเทพฯ :^bบุ๊คเฟิสท์,^c2562
300    ^a286 หน้า :^bภาพประกอบ ;^c30 ซม. +^eซีดี-รอม 1 แผ่น
650  0 ^aEnglish language^xExaminations, questions, etc.
650  0 ^aEnglish language^xGrammar
650  0 ^aEnglish language^xUsage
650  0 ^aTest of English as a Foreign Language
650  4 ^aภาษาอังกฤษ^xข้อสอบและเฉลย
650  4 ^aภาษาอังกฤษ^xไวยากรณ์
650  4 ^aภาษาอังกฤษ^xการใช้ภาษา
650  4 ^aโทเฟล
653    ^aTOEFL
945    ^p399^l0^i007081
999    ^aประนอม เกษจรัล
รายการนี้ยังไม่มีแท็ก
คุณยังไม่ได้ล็อกอิน คุณสามารถมีกิจกรรมร่วมกับเว็บไซต์ได้ แต่ต้องล็อกอินก่อน ::
  ล็อกอิน

รายการสื่อสารสนเทศ

ลำดับที่ ประเภท เลขเรียก/บาร์โค้ด สถานที่ สถานะ
1. การศึกษาทั่วไป
หนังสือสำรอง
สถานะ=หนังสือสำรอง
PE1128 ก671ส ฉ.1 
  Barcode: 007081
ห้องสมุดวิทยาเขตสวรรค์ประชารักษ์
►หนังสือทั่วไป
ถูกยืม กำหนดส่งวันที่ 11 เมษายน 2568
  จอง

รายการใกล้เคียง
    ผู้แต่ง [กิตติ์ จิรติกุล]

    หัวเรื่อง [English language Grammar]
    หัวเรื่อง [Test of English as a Foreign Language]
    หัวเรื่อง [ภาษาอังกฤษ การใช้ภาษา]
    หัวเรื่อง [โทเฟล]

BibComment


ยังไม่เคยถูกคอมเมนท์

คอมเมนท์ทรัพยากรรายการนี้
  คอมเมนท์: สอบติดพิชิต TOEF..


 Copyright 2026. Bcnsprnw @Library